000 00345nam a2200133Ia 4500
008 220204s9999 xx 000 0 und d
082 _a552.3'.4
_bTUR
100 _aTURNER, Francis J
245 0 _aIgneous and metamorphic petrology.
260 _aNew York
_bMcgraw Hill
_c1960
650 _aPetrology
700 _aVERHOOGEN, John
942 _cBK
999 _c20880
_d20880